[Event "Krefeld op"]
[Site "Krefeld"]
[Date "2022.08.07"]
[Round "6"]
[White "Meyer, Marcel"]
[Black "Poess, Ralf"]
[Result "1-0"]
[WhiteElo "1761"]
[BlackElo "1520"]
[PlyCount "103"]
[EventDate "2022.08.04"]
[EventType "swiss"]
[EventRounds "9"]
[EventCountry "GER"]
[SourceTitle "CBM 209 Extra"]
[Source "ChessBase"]
[SourceDate "2022.09.30"]
[SourceVersion "1"]
[SourceVersionDate "2022.09.30"]
[SourceQuality "1"]

1. d4 d6 2. Nf3 Nf6 3. c4 Nbd7 4. Nc3 e5 5. e4 c6 6. d5 Nc5 7. Qc2 cxd5 8. cxd5 Be7 9. b4 Ncd7 10. Nb5 0-0 11. Nc7 Rb8 12. Be3 b6 13. Na6 Bb7 14. Nxb8 Qxb8 15. Bb5 a6 16. Bxd7 Nxd7 17. 0-0 b5 18. Rac1 Bd8 19. Qe2 Nb6 20. Nd2 f5 21. f3 f4 22. Bf2 Rf7 23. Rc2 Rd7 24. Rfc1 Rf7 25. Kh1 Rd7 26. Qf1 Rf7 27. a3 Rc7 28. Qg1 Rxc2 29. Rxc2 Ba8 30. Qc1 Bb7 31. Qg1 Ba8 32. Qc1 Bb7 33. Qf1 Bc8 34. Qg1 Bd7 35. g3 fxg3 36. hxg3 Be8 37. Be3 Qb7 38. Kg2 Qb8 39. Qc1 Bd7 40. Bf2 Qb7 41. Be3 Qb8 42. Qh1 Be8 43. Qh3 Bd7 44. Qh5 g6 45. Qh2 Qb7 46. Qh6 Bf6 47. Bg5 Bg7 48. Qh4 Be8 49. Bh6 Bh8 50. Qg4 Bd7 51. Qg5 Be8 52. Qd8 1-0